000 00421nam a2200181Ia 4500
005 20240921120759.0
008 240921s9999||||xx |||||||||||||| ||und||
041 _aENGLISH
082 _A621 M8
100 _aArumugam M
245 0 _aEngineering Physics
250 _a1st
260 _c1988
_bAnuradha,Kumbakonam
500 _aViscosity
650 _aEngineering Physics
_bPhysics
942 _cBK
999 _c247532
_d247532